Writing Guidelines for Business Students. (Record no. 350295)

000 -LEADER
fixed length control field 00607nam a2200241 4500
003 - CONTROL NUMBER IDENTIFIER
control field OSt
005 - DATE AND TIME OF LATEST TRANSACTION
control field 20180116183011.0
008 - FIXED-LENGTH DATA ELEMENTS--GENERAL INFORMATION
fixed length control field 150908b xxu||||| |||| 00| 0 eng d
020 ## - INTERNATIONAL STANDARD BOOK NUMBER
International Standard Book Number 9780170216388
022 ## - INTERNATIONAL STANDARD SERIAL NUMBER
International Standard Serial Number 9780170216388
040 ## - CATALOGING SOURCE
Transcribing agency 0
050 ## - LIBRARY OF CONGRESS CALL NUMBER
Classification number 808.06665
082 ## - DEWEY DECIMAL CLASSIFICATION NUMBER
Classification number 808.06665
100 ## - MAIN ENTRY--PERSONAL NAME
Personal name Emerson,Lisa.
245 ## - TITLE STATEMENT
Title Writing Guidelines for Business Students.
Statement of responsibility, etc. Lisa Emerson.
250 ## - EDITION STATEMENT
Edition statement 5th.
260 ## - PUBLICATION, DISTRIBUTION, ETC.
Place of publication, distribution, etc. Australia.
Name of publisher, distributor, etc. Cengage Learning.
Date of publication, distribution, etc. 2013.
300 ## - PHYSICAL DESCRIPTION
Extent 145p.
500 ## - GENERAL NOTE
General note Paper Cover
600 ## - SUBJECT ADDED ENTRY--PERSONAL NAME
Personal name Emerson,Lisa.
700 ## - ADDED ENTRY--PERSONAL NAME
Personal name Emerson,Lisa.
942 ## - ADDED ENTRY ELEMENTS (KOHA)
Source of classification or shelving scheme
Koha item type Book
Call number prefix 808.06665
Holdings
Withdrawn status Lost status Source of classification or shelving scheme Damaged status Not for loan Collection code Permanent Location Current Location Shelving location Date acquired Total Checkouts Full call number Barcode Date last seen Price effective from Koha item type
            Central Library (CL) Central Library (CL) General Stacks 09/08/2015   808.06665 EME NBS9411 09/08/2015 09/08/2015 Book
© 2023 Central Library, National University of Sciences and Technology. All Rights Reserved.